Online katalóg knižníc regiónu Turca

Básne Svetozára Hurbana Vajanského (Record no. 21330)

MARC details
000 -LEADER
fixed length control field 00887nam a22002771a 4500
001 - CONTROL NUMBER
control field 21330
003 - CONTROL NUMBER IDENTIFIER
control field CZ PrNK
005 - DATE AND TIME OF LATEST TRANSACTION
control field 20260227120029.0
007 - PHYSICAL DESCRIPTION FIXED FIELD--GENERAL INFORMATION
fixed length control field ta
008 - FIXED-LENGTH DATA ELEMENTS--GENERAL INFORMATION
fixed length control field 020218s1944 xo e 000 p slo
040 ## - CATALOGING SOURCE
Original cataloging agency ABA001
Language of cataloging cze
Transcribing agency ABA001
Modifying agency ABA001
072 #7 - SUBJECT CATEGORY CODE
Subject category code 821.162.4
Subject category code subdivision Slovenská literatura
Source Konspekt
080 ## - UNIVERSAL DECIMAL CLASSIFICATION NUMBER
Universal Decimal Classification number 821.162.4-1
Edition identifier MRF
080 ## - UNIVERSAL DECIMAL CLASSIFICATION NUMBER
Universal Decimal Classification number (0:82-1)
Edition identifier MRF
100 1# - MAIN ENTRY--PERSONAL NAME
Personal name Vajanský, Svetozár Hurban,
Dates associated with a name 1847-1916
Relationship aut
245 10 - TITLE STATEMENT
Title Básne Svetozára Hurbana Vajanského
250 ## - EDITION STATEMENT
Edition statement Nové vydanie
260 ## - PUBLICATION, DISTRIBUTION, ETC.
Place of publication, distribution, etc. V T. Sv. Martine :
Name of publisher, distributor, etc. Matica slovenská,
Date of publication, distribution, etc. 1944
Manufacturer (Neografia)
300 ## - PHYSICAL DESCRIPTION
Extent 423 s. ;
Dimensions
490 1# - SERIES STATEMENT
Series statement Sobrané diela / Svetozár Hurban Vajanský ;
Volume/sequential designation sv. 7
500 ## - GENERAL NOTE
General note Úpravu navrhol Jozef Cincík
655 #7 - INDEX TERM--GENRE/FORM
Genre/form data or focus term slovenská poezie
Source of term czenas
800 1# - SERIES ADDED ENTRY--PERSONAL NAME
Personal name Vajanský, Svetozár Hurban,
Dates associated with a name 1847-1916.
Title of a work Sobrané diela
910 ## - USER-OPTION DATA (OCLC)
User-option data ABA001
942 ## - ADDED ENTRY ELEMENTS (KOHA)
Source of classification or shelving scheme Dewey Decimal Classification
Koha item type Krásna literatúra pre dospelých
Suppress in OPAC No
Holdings
Stav vyradenia Strata Poškodenie Spôsob nadobudnutia Domovská knižnica Aktuálna knižnica Dátum nadobudnutia Total checkouts Čiarový kód exemplára Date last seen Typ exemplára
      Dar Obecná knižnica Horná Štubňa Obecná knižnica Horná Štubňa 27.02.2026   4736201506 27.02.2026 Krásna literatúra pre dospelých
Projekt je podporený Slovenskou asociáciou knižníc
Prevádzkuje Turčianska knižnica Martin 2026